000 006830000a22001090004500
245 1 0 _aíQué envidia!
300 _aVol.19, no.219 (2000), p.22-26
520 _aMás pertinaz que el odio, más intensa que los celos y tan antigua como el ser humano. Así es la envidia, una pasión universal que nadie reconoce sentir. Algunos psicólogos distinguen entre dos tipos de envidia: una negativa, capaz de sumirnos en una depresión o de hacernos odiar intensamente a quien envidiamos, y otra positiva o admirativa. Ésta nos empuja a esforzarnos en un intento de alcanzar el missmo éxito que tiene el otro.
650 1 4 _aCOMPORTAMIENTO
773 0 _tRevista muy interesante
942 _cANA
999 _c63256
_d63256